Más centros docentes / por Jorge Tomás
Publicado:
San Jorge, núm. 79 - 80 (3r i 4rt trimestre 1970), pàg 105 :
Materias:
Escoles -- Manresa
MARC
| LEADER | 00000nam a2200000Ia 4500 | ||
|---|---|---|---|
| 001 | |||
| 008 | 160829s9999 xx 000 0 cat d | ||
| 100 | |a Tomàs, Jordi |9 40376 | ||
| 245 | |a Más centros docentes / por Jorge Tomás | ||
| 260 | |a San Jorge, núm. 79 - 80 (3r i 4rt trimestre 1970), pàg 105 | ||
| 650 | |a Escoles |x Manresa |9 40378 | ||
| 901 | |a Arxiu | ||
| 942 | |n 1 | ||
| 952 | |0 0 |1 0 |4 0 |7 1 |9 49650 |a Arxiu |b Arxiu |d 2016-12-01 |l 0 |r 2016-12-01 00:00:00 |w 2016-12-01 |y ARXIU | ||
| 999 | |c 53492 |d 53492 | ||